=LDR 00000nam 2200000 4500 =001 INLIS000000000007566 =005 20200218095949 =035 ##$$a 0010-061300000007566 =008 200218################g##########0#ind## =041 ##$$a Ind =082 ##$$a 150.19 =090 ##$$a 150.19, Ali a =100 ##$$a Sahertian, Piet A =245 1#$$a Aliran-aliran modern dalam ilmu jiwa /$c Drs. Piet A. Sahertian =260 ##$$a Surabaya :$b Usaha Nasional,$c 1983 =300 ##$$a viii,223 hlm, : $b ilus. ; $c 20 x 14 cm. =650 #4$$a Aliran Modern =084 ##$$a 150.19 Ali a =990 ##$$a DW00023595 =990 ##$$a DW00023653 =990 ##$$a DW00023654 =990 ##$$a 1201353151 =990 ##$$a 158.831/Pro.93 =990 ##$$a DW00023595 =990 ##$$a DW00023653 =990 ##$$a DW00023654 =990 ##$$a 1201353151 =990 ##$$a 44.659/Pro.92 =990 ##$$a DW00023595 =990 ##$$a DW00023653 =990 ##$$a DW00023654 =990 ##$$a 158.831/Pro.93 =990 ##$$a 1201353151 =990 ##$$a DW00023653 =990 ##$$a DW00023595 =990 ##$$a DW00023654 =990 ##$$a 158.831/Pro.93 =990 ##$$a 44.659/Pro.92 =990 ##$$a 1201353151 =990 ##$$a DW00023652 =990 ##$$a DW00023595 =990 ##$$a DW00023653 =990 ##$$a DW00023654 =990 ##$$a 44.659/Pro.92 =990 ##$$a 1201353151 =990 ##$$a DW00023595 =990 ##$$a DW00023653 =990 ##$$a DW00023654 =990 ##$$a DW00023652 =990 ##$$a 44.659/Pro.92 =990 ##$$a 1201353151 =990 ##$$a DW00023654 =990 ##$$a DW00023595 =990 ##$$a DW00023653 =990 ##$$a DW00023652 =990 ##$$a 44.659/Pro.92 =990 ##$$a 1201353151 =990 ##$$a DW00023651 =990 ##$$a DW00023595 =990 ##$$a DW00023653 =990 ##$$a DW00023654 =990 ##$$a DW00023652 =990 ##$$a 1201353151 =990 ##$$a DW00023595 =990 ##$$a DW00023653 =990 ##$$a DW00023654 =990 ##$$a DW00023652 =990 ##$$a DW00023651 =990 ##$$a 28.569/Pro.88 =990 ##$$a DW00023595 =990 ##$$a DW00023653 =990 ##$$a DW00023654 =990 ##$$a DW00023652 =990 ##$$a DW00023651 =990 ##$$a DW00023656 =990 ##$$a DW00023595 =990 ##$$a DW00023653 =990 ##$$a DW00023654 =990 ##$$a DW00023652 =990 ##$$a DW00023651 =990 ##$$a DW00023595 =990 ##$$a DW00023656 =990 ##$$a DW00023653 =990 ##$$a DW00023654 =990 ##$$a DW00023652